| 000 | 00737nam a2200253Ia 4500 | ||
|---|---|---|---|
| 003 | OSt | ||
| 005 | 20221007081335.0 | ||
| 006 | a|||||r|||| 00| 0 | ||
| 007 | ta | ||
| 008 | 221006b |||||||| |||| 00| 0 eng d | ||
| 020 | _a9780199943494 | ||
| 024 | _a45,545 | ||
| 037 | _cTextual | ||
| 040 |
_aFLL _cFLL _beng |
||
| 041 |
_2eng _aeng |
||
| 082 | _aY15:3(W), Q5 | ||
| 100 |
_aBAKSH Rawwida Ed. _9696966 |
||
| 245 | 0 | _aOxford Handbook of Transnational feminist movements | |
| 260 |
_aNew York _bOxford University Press USA _c2015 |
||
| 300 |
_axiii,960p. _ccm. |
||
| 700 |
_a HARCOURT Wendy Ed. _9600467 |
||
| 942 |
_hY15:3(W), Q5 _cTEXL _2CC |
||
| 999 |
_c1162766 _d1162766 |
||